[Event "Baden-ch U1700"]
[Site "Walldorf"]
[Date "2017.07.29"]
[Round "6"]
[White "Ahmad, Quasim"]
[Black "Spiesberger, Wolfgang"]
[Result "1-0"]
[WhiteElo "1436"]
[BlackElo "1559"]
[PlyCount "113"]
[EventDate "2017.07.26"]
[EventType "swiss"]
[EventRounds "7"]
[EventCountry "GER"]
[SourceTitle "EXT 2018"]
[Source "ChessBase"]
[SourceDate "2017.10.13"]
[SourceVersion "1"]
[SourceVersionDate "2017.10.13"]
[SourceQuality "1"]

1. e4 e5 2. Nf3 Nc6 3. Nc3 Be7 4. Bc4 Nf6 5. d3 d6 6. Ne2 Na5 7. Bb5+ Bd7 8. Bxd7+ Qxd7 9. Ng3 g6 10. Bg5 c5 11. 0-0 Nc6 12. c3 h6 13. Be3 Ng4 14. h3 Nxe3 15. fxe3 h5 16. d4 0-0-0 17. d5 Na5 18. b4 Nc4 19. Qe2 b5 20. a4 cxb4 21. cxb4 h4 22. axb5 Nb6 23. Rfc1+ Kb8 24. Nf1 g5 25. N1h2 f5 26. exf5 Qxf5 27. e4 Qf4 28. Ng4 Rc8 29. Rc6 Rh7 30. Qd2 Bd8 31. Qc2 Rhc7 32. Qa2 Rb7 33. Qc2 Rbc7 34. Nd2 Qf8 35. Nc4 Rxc6 36. bxc6 Nxc4 37. Qxc4 Bb6+ 38. Kh1 Rc7 39. Rf1 Rf7 40. Nh2 Rxf1+ 41. Qxf1 Qxf1+ 42. Nxf1 Bd8 43. g4 Kc7 44. Ne3 Kb6 45. Nc2 Kb5 46. Kg1 Kc4 47. Kf2 Kc3 48. Ne3 Kxb4 49. Ke2 a5 50. Kd2 a4 51. Kc2 a3 52. Nf5 Bc7 53. Nh6 Kc4 54. Nf7 Kd4 55. Nxg5 Ke3 56. Ne6 Kxe4 57. Nxc7 1-0

[Event "Baden-ch U1700"]
[Site "Walldorf"]
[Date "2017.07.27"]
[Round "2"]
[White "Trinkl, Andreas"]
[Black "Spiesberger, Wolfgang"]
[Result "0-1"]
[WhiteElo "1749"]
[BlackElo "1559"]
[PlyCount "32"]
[EventDate "2017.07.26"]
[EventType "swiss"]
[EventRounds "7"]
[EventCountry "GER"]
[SourceTitle "EXT 2018"]
[Source "ChessBase"]
[SourceDate "2017.10.13"]
[SourceVersion "1"]
[SourceVersionDate "2017.10.13"]
[SourceQuality "1"]

1. e4 e5 2. f4 exf4 3. Nf3 Be7 4. Bc4 d6 5. 0-0 Be6 6. Bxe6 fxe6 7. d4 Nf6 8. Bxf4 Nxe4 9. Qe2 d5 10. Nbd2 0-0 11. Bg3 Nxg3 12. Qxe6+ Kh8 13. hxg3 Rf6 14. Ne5 Rxe6 15. Nf7+ Kg8 16. Nxd8 Bxd8 0-1